STADI DEL MONDO - Statistics

Statistiche generali
  • Questo quiz è stato fatto 176 volte
  • Il punteggio medio è 29 su 41
Statistiche sulle risposte
SQUADRA NOME STADIO % Corretto
MILAN SAN SIRO
99%
INTER SAN SIRO
99%
ROMA OLIMPICO
95%
LAZIO OLIMPICO
95%
NAPOLI MARADONA
94%
JUVE ALLIANZ STADIUM
91%
BARCELLONA CAMP NOU
89%
LIVERPOOL ANFIELD
88%
BOLOGNA DALL'ARA
86%
VERONA BENTEGODI
85%
REAL BERNABEU
85%
FIORENTINA FRANCHI
85%
BARI SAN NICOLA
84%
BAYERN ALLIANZ ARENA
83%
SASSUOLO MAPEI
83%
GENOA FERRARIS
82%
SAMPDORIA FERRARIS
82%
ATALANTA GEWISS STADUIM
82%
MAN UTD OLD TRAFFORD
81%
LECCE VIA DEL MARE
81%
BOCA BOMBONERA
74%
TORINO OLIMPICO GRANDE TORINO
74%
SALERNITANA ARECHI
73%
PALERMO BARBERA
73%
MONZA U-POWER
73%
ARSENAL EMIRATES
71%
PSG PARCO DEI PRINCIPI
71%
CHELSEA STAMFORD BRIDGE
70%
MAN CITY ETIHAD
67%
UDINESE DACIA ARENA
64%
ATLETICO METROPOLITANO
58%
MARSIGLIA VELODROME
56%
ASTON VILLA VILLA PARK
55%
BVB SIGNAL IDUNA PARK
52%
PORTO DO DRAGAO
51%
BENFICA DA LUZ
45%
RIVER MONUMENTAL
39%
TOTTENHAM TOTTENHAM HOTSPUR STADIUM
39%
AJAX AMSTERDAM ARENA
31%
SIVIGLIA SANCHEZ-PIZJUAN
22%
WEST HAM OLYMPIC STADIUM
19%
Nessun quiz corrispondente trovato
Distribuzione punteggi
Percentuale di utenti per punteggio
Percentile per numero di risposta
I tuoi punteggi nel tempo
Non hai fatto questo quiz